Adelaide Crows Players 2026 - Statistics

General Stats
  • This quiz has been taken 57 times
  • The average score is 29 of 42
Answer Stats
Player no. Answer % Correct
2 Ben Keays
100%
23 Izak Rankine
100%
12 Jordan Dawson
100%
7 Riley Thilthorpe
100%
32 Darcy Fogarty
92%
8 Josh Rachele
92%
24 Josh Worrell
92%
13 Taylor Walker
92%
1 Chayce Jones
88%
29 Rory Laird
88%
3 Sam Berry
88%
5 Sid Draper
83%
42 Lachlan McAndrew
79%
43 Reilly O'Brien
79%
30 Wayne Milera
79%
14 Jake Soligo
75%
25 James Peatling
75%
10 Luke Pedlar
75%
48 Mark Keane
75%
20 Mitch Hinge
75%
6 Dan Curtin
71%
9 Nick Murray
71%
4 Callum Ah Chee
67%
41 Jordan Butts
67%
39 Toby Murray
67%
15 Brayden Cook
63%
21 Hugh Bond
58%
44 Isaac Cumming
58%
19 Zac Taylor
58%
31 Billy Dowling
54%
11 Charlie Edwards
54%
27 Luke Nankervis
54%
28 Alex Neal-Bullen
50%
33 Indy Cotton
50%
35 James Borlase
50%
16 Max Michalanney
50%
26 Mitchell Marsh
50%
22 Oscar Ryan
46%
17 Tyler Welsh
46%
34 Archie Ludowyke
33%
36 Finnbar Maley
33%
38 Lachlan Sholl
25%
No matching quizzes found
Score Distribution
Percent of People with Each Score
Percentile by Number Answered
Your Score History
You have not taken this quiz